| 000 | 00618nam a22002057a 4500 | ||
|---|---|---|---|
| 003 | OSt | ||
| 005 | 20250820054431.0 | ||
| 008 | 250820b |||||||| |||| 00| 0 eng d | ||
| 020 | _a9781845979164 | ||
| 040 |
_aDWC-Main Lib _cOC |
||
| 082 | _aCirc. 641.3735 B396f 2009 | ||
| 100 | _aBeckett, Fiona | ||
| 245 |
_aFiona Beckett's cheese course/ _cFiona Beckett |
||
| 260 |
_aLondon : _bRyland Peters & Small, _cc2009. |
||
| 300 |
_a160 pages : _bcolor illustrations ; _c27cm. |
||
| 504 | _aIncludes index. | ||
| 650 | _a1. Cheese -- Varieties. | ||
| 650 | _a2. Cooking (Cheese). | ||
| 942 |
_2ddc _cBK-CIRC _kCirc. _n0 |
||
| 999 |
_c4111 _d4111 |
||